Gaming Quiz

Random Gaming Quiz
Score 0/33 Timer 10:00
0 Plays Today
% Correct
Smoke Bomb
72.9%
Paraglider
66.7%
Feral Pounce
64.6%
Combat Dodge
62.5%
Fists of Flame
58.3%
Rocket Boots
56.3%
Alarm Clock
52.1%
Grapple-Cam
52.1%
Be the Ball
52.1%
Silent Obliteration
50%
Mega Jump
50%
Pirate Disguise
50%
Treasure Map
47.9%
Trigger Bomb
47.9%
Health Extractor
47.9%
Knockout Dive
45.8%
Photographer Disguise
45.8%
% Correct
Hover Pack
45.8%
Temporal Lock
43.8%
Thief Reflexes
41.7%
Venice Disguise
41.7%
Adrenaline Burst
39.6%
Shadow Power Level 2
37.5%
Shadow Power Level 1
37.5%
Fishing Pole
37.5%
Rage Bomb
37.5%
Berserker Charge
34%
Size Destabilizer
33.3%
Raging Inferno Flop
33.3%
Diablo Fire Slam
33.3%
Insanity Strike
31.3%
Gutteral Roar
31.3%
Reduction Bomb
29.2%
Remove Ads.
Support Sporcle.
Get the best of Sporcle when you Go Orange. This ad-free experience offers more features, more stats, and more fun while also helping to support Sporcle. Thank you for becoming a member.

You're not logged in!

Compare scores with friends on all Sporcle quizzes.
OR
Log In

Show Comments

Extras

Created Jun 26, 2012ReportNominate
Tags:Sly Cooper

Top Quizzes Today


Score Distribution

Your Account Isn't Verified!

In order to create a playlist on Sporcle, you need to verify the email address you used during registration. Go to your Sporcle Settings to finish the process.

Report this User

Report this user for behavior that violates our Community Guidelines.

Details: